| 000 | 00592nam a22002057a 4500 | ||
|---|---|---|---|
| 003 | OSt | ||
| 005 | 20260618121428.0 | ||
| 008 | 260618b |||||||| |||| 00| 0 eng d | ||
| 020 | _a9780195698442 | ||
| 082 |
_a641.300954 _bAc4T |
||
| 100 | _aAchaya, K T | ||
| 245 |
_aThe illustrated foods of India A-Z _cby K T Achaya |
||
| 260 |
_aOxford _bOxford University _c2009 |
||
| 300 |
_axvi; 296p. _bPaperback |
||
| 546 | _aEnglish | ||
| 650 | _2Food -- India -- Dictionaries | ||
| 650 | _2Cookery, Indic | ||
| 650 | _2 Cookery, Indic / Food habits -- India -- History | ||
| 942 |
_2ddc _cBK |
||
| 999 |
_c29584 _d29584 |
||